000 00348nam a2200145 i 4500
001 bg
100 1 _aOLSZEWSKI, Henryk
245 0 _aHistoria doktryn politycznych i prawnych /
_cHenryk Olszewski.
250 _aWyd.4.
260 _aWarszawa,
_c1978.
040 _cBPK
041 _apol
942 _cKS
008 s pl f |000 0 pol
999 _c9912
_d9912
856 _uhttp://koha.tu.koszalin.pl/cgi-bin/koha/opac-detail.pl?biblionumber=9912
_yKatalog online BPK